Statistiques concernant Les plus grands pays d'Europe

Cliquez ici pour prendre le quiz!

Statistiques générales

  • Ce quiz a été pris 613 fois
  • Le résultat moyen est 18 sur 20

Statistiques - réponses

Superficie totalePays% Correct
505 580Espagne
100%
357 021Allemagne
99%
547 030France
99%
17 075 200Russie
99%
301 230Italie
98%
603 628Ukraine
97%
338 145Finlande
95%
312 685Pologne
95%
449 964Suède
95%
324 220Norvège
94%
131 940Grèce
92%
237 500Roumanie
92%
244 820Royaume-Uni
92%
83 870Autriche
89%
92 042Portugal
89%
207 600Biélorussie
86%
110 910Bulgarie
86%
93 030Hongrie
86%
88 361Serbie
78%
103 000Islande
76%

Distribution des résultats

Percentile par nombre de réponses

% des personnes avec chaque résultat

Votre développement - résultats

Vous n’avez pas pris ce quiz